000 00738nam a22002177a 4500
005 20240530110352.0
008 141228s2009 ua o f 000 0 ara d
017 _a16565/2009
_bمصر . دار الكتب المصرية
020 _a9789774275232
040 _aEG-CaGPL
041 0 _aara
082 0 4 _221
_a923.1
_bق/ل ف
100 0 _aلوتس عبدالكريم
245 1 0 _aفريدة مصر :
_bاسرار ماكة وسيرة فنانة /
_cلويس عبدالكريم
300 _a248 ص :
_bصور ؛
_c27 سم
600 0 4 _aفريدة
_xالملكة
650 0 4 _aالملكة فريدة
651 0 4 _aمصر
_xتاريخ
_yالعصر الحديث
942 _2ddc
_cBK
999 _c60097
_d60097